Vista normal Vista MARC

Entrada Topical Term

Número de registros utilizados en: 4

001 - CONTROL NUMBER

  • control field: 2076

003 - CONTROL NUMBER IDENTIFIER

  • control field: OSt

005 - DATE AND TIME OF LATEST TRANSACTION

  • control field: 20230516225208.0

008 - FIXED-LENGTH DATA ELEMENTS

  • fixed length control field: 230516|| aca||aabn | a|a d

040 ## - CATALOGING SOURCE

  • Original cataloging agency: OSt
  • Transcribing agency: OSt

150 ## - HEADING--TOPICAL TERM

  • Topical term or geographic name entry element: Esclavitud en Colombia
  • Form subdivision: Novela

670 ## - SOURCE DATA FOUND

  • Source citation: Work cat.: (OSt)0: González García, Iván Antonio 1962- autor 2074, Benkos









Instituto Departamental de Cultura del Meta - Red Departamental de Bibliotecas Públicas del Meta.